000 00521nam a2200133Ia 4500
008 220620s9999||||xx |||||||||||||| ||und||
020 _a9780260000000
100 _aHoberg, George
245 4 _aThe Resistance Dilemma
_bPlace-Based Movements and the Climate Crisis
546 _aEnglish[eng]
650 _aClimate change||keep it in the ground||activism||pipelines||oil sands||resistance||renewable energy||energy politics||indigenous movements
856 _uhttps://doi.org/10.7551/mitpress/13668.001.0001
942 _cEB
999 _c26199
_d26199